00507nam a2200193 a 4500001001300000003000900013005001700022008004100039020001000080082001500090100001700105245004800122260004500170300000900215500003500224505001500259650002200274700001700296nice12345678IN_TiNIC20260116012150.0050524s1954 lona grp 000 0 eng  ac10000a289.9bCOL aCole, Marley aJehovah`s Witnessesb the New World Society aLondonbGeorge Allen and Unwin Ltdc1954 a232p aincludes index and biblioraphy2 aIll, Index aJehovas Witnesses1 aCole, Marley